| 000 | 01224cam a22003134a 4500 | ||
|---|---|---|---|
| 001 | 12312144 | ||
| 003 | NUST | ||
| 005 | 20221212110811.0 | ||
| 008 | 010216s2002 maua b 001 0 eng | ||
| 010 | _a 2001025371 | ||
| 020 | _a081764136X (alk. paper) | ||
| 040 |
_aDLC _cDLC _dDLC |
||
| 042 | _apcc | ||
| 082 | 0 | 0 | _a621.3822,ABB |
| 100 | 1 |
_aAbbate, Agostino. _9104626 |
|
| 245 | 1 | 0 |
_aWavelets and subbands : _bfundamentals and applications : with 234 figures / _cAgostino Abbate, Casimer M. DeCusatis, Pankaj K. Das. |
| 260 |
_aBoston : _bBirkhaüser, _cc2002. |
||
| 300 |
_axvii, 551 p. : _bill. ; _c24 cm. |
||
| 440 | 0 |
_aApplied and numerical harmonic analysis _996042 |
|
| 505 | _aPart I. Fundamentals (Page-13), Part II. Wavelets and subbands (Pge-101), Part III. Applications (Page-385), | ||
| 650 | 0 | _aSignal processing. | |
| 650 | 0 |
_aWavelets (Mathematics) _910608 |
|
| 650 | 0 |
_aFrequency spectra. _997651 |
|
| 700 | 1 |
_aDeCusatis, Casimer. _9104627 |
|
| 700 | 1 |
_aDas, Pankaj K., _d1937- _9104628 |
|
| 856 | 4 | 1 |
_3Table of contents _uhttp://www.loc.gov/catdir/toc/fy032/2001025371.html |
| 856 | 4 | 2 |
_3Publisher description _uhttp://www.loc.gov/catdir/enhancements/fy0812/2001025371-d.html |
| 942 |
_2ddc _cBK |
||
| 999 |
_c592649 _d592649 |
||